US Law Enforcement Field Offices - Statistics

General Stats
  • This quiz has been taken 70 times
    64 since last reset
  • The average score is 142 of 194
Answer Stats
Agency Area Covered Field Office Location % Correct
DEA Nevada, south-central California, Hawaii Los Angeles
100%
FBI South-central California Los Angeles
100%
ICE South-central California Los Angeles
100%
MS South-central California Los Angeles
100%
DEA West Virginia, Virginia, Maryland, Washington, D.C. Washington, D.C.
100%
FBI Washington D.C., North-eastern Virginia Washington, D.C.
100%
ICE Washington D.C., Virginia Washington, D.C.
100%
MS Washington, D.C. Washington, D.C.
100%
DEA Indiana, northern Illinois, Wisconsin, Minnesota, North Dakota Chicago
97%
FBI Northern Illinois Chicago
97%
ICE Wisconsin, Kansas, Missouri, Illinois, Indiana, Kentucky Chicago
97%
MS Northern Illinois Chicago
97%
DEA Southern California San Diego
97%
FBI Southern California San Diego
97%
ICE Southern California San Diego
97%
MS Southern California San Diego
97%
DEA Maine, New Hampshire, Vermont, Massachusetts, Connecticut, Rhode Island Boston
94%
FBI Maine, New Hampshire, Massachusetts, Rhode Island Boston
94%
ICE Maine, New Hampshire, Vermont, Massachusetts, Rhode Island, Connecticut Boston
94%
MS Massachusetts Boston
94%
DEA Florida Miami
94%
FBI South-eastern Florida Miami
94%
ICE Florida, Puerto Rico, U.S. VIrgin Islands Miami
94%
MS South-eastern Florida Miami
94%
DEA New York New York City
94%
FBI Southern New York New York City
94%
ICE South-eastern New York New York City
94%
MS Southeastern New York New York City (Brooklyn)
94%
MS Southern New York New York City (Manhattan)
94%
DEA Oklahoma, northern Texas Dallas
90%
FBI Northern Texas Dallas
90%
ICE Oklahoma, northern Texas Dallas
90%
MS Northern Texas Dallas
90%
DEA Southern Texas Houston
90%
FBI South-eastern Texas Houston
90%
ICE South-western Texas Houston
90%
MS South-eastern Texas Houston
90%
DEA Arizona Phoenix
90%
FBI Arizona Phoenix
90%
ICE Arizona Phoenix
90%
MS Arizona Phoenix
90%
DEA Tennessee, North Carolina, South Carolina, Georgia Atlanta
87%
FBI Georgia Atlanta
87%
ICE North Carolina, South Carolina, Georgia Atlanta
87%
MS North-western Georgia Atlanta
87%
DEA Montana, Wyoming, Utah, Colorado Denver
87%
FBI Wyoming, Colorado Denver
87%
ICE Wyoming, Colorado Denver
87%
MS Colorado Denver
87%
DEA Michigan, Ohio, Kentucky Detroit
87%
FBI Michigan Detroit
87%
ICE Michigan, Ohio Detroit
87%
MS Eastern Michigan Detroit
87%
FBI Nevada Las Vegas
87%
MS Nevada Las Vegas
87%
DEA Arkansas, Louisiana, Mississippi, Alabama New Orleans
87%
FBI Louisiana New Orleans
87%
ICE Arkansas, Louisiana, Tennessee, Mississippi, Alabama New Orleans
87%
MS South-eastern Louisiana New Orleans
87%
DEA Pennsylvania, Delaware Philadelphia
87%
FBI Eastern and central Pennsylvania Philadelphia
87%
ICE Pennsylvania, West Virginia Philadelphia
87%
MS South-eastern Pennsylvania Philadelphia
87%
DEA Northern and central California San Francisco
87%
FBI Western (coastal) California San Francisco
87%
ICE Northern and central California, Hawaii, Guam San Francisco
87%
MS North-western (coastal) California San Francisco
87%
DEA Washington, Oregon, Idaho, Alaska Seattle
87%
FBI Washington Seattle
87%
ICE Alaska, Washington, Oregon Seattle
87%
MS Western Washington Seattle
87%
FBI Maryland, Delaware Baltimore
84%
ICE Maryland Baltimore
84%
MS Maryland Baltimore
84%
FBI Oregon Portland
84%
MS Maine Portland
84%
MS Oregon Portland
84%
FBI Eastern and north-eastern California Sacramento
84%
MS North-eastern and central California Sacramento
84%
FBI Kansas, western Missouri Kansas City
81%
MS Western and central Missouri Kansas City
81%
DEA New Jersey Newark
81%
FBI New Jersey Newark
81%
ICE New Jersey Newark
81%
MS New Jersey Newark
81%
FBI Idaho, Montana, Utah, north-western Wyoming Salt Lake City
81%
ICE Montana, Idaho, Nevada, Utah Salt Lake City
81%
MS Utah Salt Lake City
81%
FBI New Mexico Albuquerque
77%
MS New Mexico Albuquerque
77%
FBI Alaska Anchorage
77%
MS Alaska Anchorage
77%
MS Southern Ohio Columbus
77%
DEA New Mexico, western Texas El Paso
77%
ICE New Meixco, eastern Texas El Paso
77%
FBI Oklahoma Oklahoma City
77%
MS Western Oklahoma Oklahoma City
77%
FBI Eastern New York Buffalo
74%
ICE Central, northern and western New York Buffalo
74%
MS Western New York Buffalo
74%
MS South-western West Virginia Charleston
74%
FBI North Carolina Charlotte
74%
MS Western North Carolina Charlotte
74%
FBI Southern and central Ohio Cincinnati
74%
FBI Indiana Indianapolis
74%
MS Central and southern Indiana Indianapolis
74%
FBI Mississippi Jackson
74%
MS Southern Mississippi Jackson
74%
FBI Arkansas Little Rock
74%
MS Central and eastern Arkansas Little Rock
74%
FBI North Dakota, South Dakota, Minnesota Minneapolis
74%
MS Minnesota Minneapolis
74%
MS Central Tennessee Nashville
74%
FBI Western Pennsylvania, West Virginia Pittsburgh
74%
MS Western Pennsylvania Pittsburgh
74%
MS Eastern North Carolina Raleigh
74%
FBI Vermont, central and north-eastern New York Albany
71%
FBI Northern Alabama Birmingham
71%
MS Northern Alabama Birmingham
71%
FBI Northern Ohio Cleveland
71%
MS Northern Ohio Cleveland
71%
MS Southern Illinois East St. Louis
71%
FBI Hawaii, Guam, Northern Mariana Islands Honolulu
71%
MS Hawaii, American Samoa Honolulu
71%
DEA South Dakota, Nebraska, Kansas, Iowa, Missouri, southern Illinois St. Louis
71%
FBI Eastern Missouri St. Louis
71%
MS Eastern Missouri St. Louis
71%
MS Central Louisiana Baton Rouge
68%
MS Idaho Boise
68%
FBI Northern Florida Jacksonville
68%
FBI Western Tennessee Memphis
68%
MS Western Tennessee Memphis
68%
FBI Southern and central Alabama Mobile
68%
MS South-western Alabama Mobile
68%
FBI Central and western Virginia Richmond
68%
ICE North Dakota, South Dakota, Nebraska, Minnesota, Iowa St. Paul
68%
MS Wyoming Cheyenne
65%
FBI Kentucky Louisville
65%
MS Western Kentucky Louisville
65%
MS Central and western Wisconsin Madison
65%
FBI Nebraska, Iowa Omaha
65%
MS Nebraska Omaha
65%
MS Rhode Island Providence
65%
FBI Central and south-western Texas San Antonio
65%
ICE Central and south-eastern Texas San Antonio
65%
MS Central and western Texas San Antonio
65%
MS North-western Florida Tallahassee
65%
FBI Central and south-western Florida Tampa
65%
MS Central and south-western Florida Tampa
65%
MS North-eastern Oklahoma Tulsa
65%
FBI Eastern Tennessee Knoxville
61%
MS Eastern Tennessee Knoxville
61%
FBI Wisconsin Milwaukee
61%
MS Eastern Wisconsin Milwaukee
61%
MS South-eastern Alabama Montgomery
61%
FBI Central and southern Illinois Springfield
61%
MS Central Illinois Springfield
61%
FBI South Carolina Columbia
58%
MS South Carolina Columbia
58%
DEA Puerto Rico, U.S. Virgin Islands San Juan
58%
FBI Puerto Rico, U.S. Virgin Islands San Juan
58%
MS South-eastern Georgia Savannah
58%
MS New Hampshire Concord
55%
MS Southern Iowa Des Moines
55%
FBI Connecticut New Haven
55%
MS Connecticut New Haven
55%
MS South Dakota Sioux Falls
55%
MS Kansas Topeka
55%
MS Delaware Wilmington
55%
MS Montana Billings
52%
MS North Dakota Fargo
52%
MS Eastern Kentucky Lexington
52%
FBI South-eastern Virginia Norfolk
48%
MS Central and eastern Washington Spokane
48%
MS Central North Carolina Greensboro
45%
MS Central and south-western Georgia Macon
45%
MS Central and northern New York Syracuse
45%
MS Vermont Burlington
42%
MS Northwest and western Michigan Grand Rapids
42%
MS Central and north-eastern Pennsylvania Scranton
42%
MS Northern and western Louisiana Shreveport
42%
MS Western Arkansas Fort Smith
35%
MS Central and western Virginia Roanoke
32%
MS Northern Iowa Cedar Rapids
29%
MS Eastern Virginia Alexandria
26%
MS Northern Mississippi Oxford
26%
MS Eastern Texas Tyler
26%
MS Northern Indiana Hammond
13%
MS South-eastern Oklahoma Muskogee
13%
MS Northern Mariana Islands Saipan
13%
MS U.S. Virgin Islands St. Thomas
10%
MS North-eastern West Virginia Clarksburg
6%
MS Guam Hagatna
6%
MS Puerto Rico Hato Rey
0%
No matching quizzes found
Score Distribution
Percent of People with Each Score
Percentile by Number Answered
Your Score History
You have not taken this quiz since the last reset